Chanteurs français les plus populaires - Statistiques

Statistiques générales
  • Ce quiz a été pris 1 055 fois
  • Le résultat moyen est 4 sur 11
Statistiques - réponses
Classement Chanteurs % Correct
1 Johnny Hallyday
65%
7 Jean-Jacques Goldman
62%
2 Charles Aznavour
51%
4 Michel Sardou
49%
6 Céline Dion
41%
5 Claude François
38%
10 Edith Piaf
38%
11 Daniel Balavoine
34%
8 Jacques Brel
33%
3 Dalida
18%
9 Barbara
10%
Aucun quiz correspondant
Distribution des résultats
% des personnes avec chaque résultat
Percentile par nombre de réponses
Votre historique - résultats
Vous n’avez pas pris ce quiz